ha-Taḥburah be-Yisrael : teśumah, tefuḳah, u-netunim fisiyim - tifʻuliyim, 1968.
Saved in:
| Corporate Author: | |
|---|---|
| Format: | Book |
| Language: | Hebrew |
| Published: |
Yerushalayim :
ha-Lishkah ha-merkazit li-sṭaṭisṭiḳah,
730, 1969.
|
| Series: | Special series (Israel. Lishkah ha-merkazit li-sṭaṭisṭiḳah) ;
no. 297. |
| Subjects: | |
| Tags: |
Add Tag
No Tags, Be the first to tag this record!
|
| LEADER | 01022cam a22002417 4500 | ||
|---|---|---|---|
| 001 | 012812349-4 | ||
| 005 | 20151008140025.0 | ||
| 008 | 870608s1969 is 000 0 heb d | ||
| 035 | 0 | |a ocn733097743 | |
| 041 | 0 | |a engheb | |
| 043 | |a a-is--- | ||
| 110 | 1 | |a Israel. |b Lishkah ha-merkazit li-sṭaṭisṭiḳah. | |
| 245 | 1 | 3 | |6 880-01 |a ha-Taḥburah be-Yisrael : |b teśumah, tefuḳah, u-netunim fisiyim - tifʻuliyim, 1968. |
| 246 | 1 | 5 | |a Transport in Israel : |b imput and output - operational data, 1968 |
| 260 | |a Yerushalayim : |b ha-Lishkah ha-merkazit li-sṭaṭisṭiḳah, |c 730, 1969. | ||
| 300 | |a 34, 51, 5, 13, v p. ; |c 28 cm. | ||
| 490 | 1 | |a Sidrat Pirsumim Meyuḥadim ; |v mis. 297 | |
| 650 | 0 | |a Transportation |z Israel |v Statistics. | |
| 752 | |a Israel |d Jerusalem. | ||
| 880 | 1 | 1 | |6 245-01 |a התחבורה בישראל : |b תשומה, תפוקה ונתונים פיסיים - תפעוליים, 1968. |
| 830 | 0 | |a Special series (Israel. Lishkah ha-merkazit li-sṭaṭisṭiḳah) ; |v no. 297. | |
| 988 | |a 20110623 | ||
| 906 | |0 MH | ||


